000 00719nam a2200193 a 4500
001 28308
005 20180713231151.0
008 140415s2001 mx 000 0 spa d
020 _a8448128184
041 _aspa
082 _a658.001
_bDIE
100 1 _aDIEZ DE CASTRO, EMILIO PABLO
245 1 0 _aADMINISTRACIÓN Y DIRECCIÓN
250 _a1a ed.
260 _aMEXICO :
_bMC GRAW HILL,
_c2001
300 _a525
_c12 x 3 x 18
520 _aEL LIBRO INCLUYE ACERCA DE UN CENTENAR DE CASOS REALES DE ORGANIZACIONES ENFRENTANDOSE A LOS TOPICOS DE SIEMPRE. EN SU APLICACION PRACTICA, TANTO EL METODO DEL CASO, COMO EL INCIDENTE CRITICO Y LA TECNICA DE CITUACIONES.
650 1 4 _aDIRECCION DE EMPRESAS
999 _c28308
_d28308